[Event "Biel"]
[Site "?"]
[Date "1986.??.??"]
[Round "?"]
[White "Kortchnoi, V."]
[Black "Nunn, J."]
[Result "1/2-1/2"]
[WhiteElo "2650"]
[BlackElo "2590"]
[PlyCount "127"]
[EventDate "1986.??.??"]
[Source "ChessBase"]
[SourceDate "1986.07.01"]

1. d4 Nf6 2. c4 g6 3. g3 Bg7 4. Bg2 O-O 5. Nf3 d6 6. O-O Nc6 7. Nc3 a6 8. Nd5 e6 9. Nxf6+ Qxf6 10. e3 Bd7 11. Bd2 e5 12. d5 Nd8 13. e4 Qe7 14. Qb3 b6 15. Bc3 Nb7 16. Qc2 a5 17. Rae1 Nc5 18. Nh4 b5 19. b3 b4 20. Bd2 f5 21. exf5 gxf5 22. Be3 e4 23. Bxc5 dxc5 24. Bh3 Ra6 25. f3 Bc3 26. Re2 Bd4+ 27. Kh1 Raf6 28. Qc1 e3 29. Ng2 Rh6 30. Nf4 Qg7 31. Rxe3 Bxe3 32. Qxe3 Qd4 33. Qe7 Rd6 34. Re1 Qg7 35. Nd3 Qh6 36. Ne5 Qg7 37. Nxd7 Rxd7 38. Qe6+ Kh8 39. Bxf5 Rdf7 40. g4 Qc3 41. Qe3 Qxe3 42. Rxe3 Ra8 43. Kg2 a4 44. Kg3 axb3 45. axb3 Kg7 46. h4 Ra1 47. h5 Rc1 48. Re6 Rc3 49. h6+ Kf8 50. Rc6 Rxb3 51. Be4 Ra3 52. g5 b3 53. d6 cxd6 54. Rc8+ Ke7 55. g6 hxg6 56. h7 Rxh7 57. Rc7+ Kf6 58. Rxh7 Ke5 59. Rb7 g5 60. Kg4 Kd4 61. Bd5 Kc3 62. Kxg5 b2 63. f4 Rb3 64. Rxb3+ 1/2-1/2

[Event "Atlantic op"]
[Site "Washington"]
[Date "1998.??.??"]
[Round "5"]
[White "Wojtkiewicz, Aleksander"]
[Black "Shabalov, Alexander"]
[Result "1/2-1/2"]
[WhiteElo "2595"]
[BlackElo "2645"]
[PlyCount "54"]
[EventDate "1998.08.??"]
[Source "www.chesslib.no"]
[SourceDate "2004.05.04"]

1. Nf3 Nf6 2. c4 g6 3. g3 Bg7 4. Bg2 O-O 5. d4 d6 6. O-O Nc6 7. Nc3 a6 8. b3 Rb8 9. Nd5 Nh5 10. Bb2 e6 11. Nc3 b5 12. d5 Ne7 13. dxe6 fxe6 14. c5 dxc5 15. Qc2 Nc6 16. Ne4 Nd4 17. Nxd4 cxd4 18. Rad1 e5 19. e3 Rf7 20. exd4 exd4 21. Rd2 Bf5 22. Rfd1 Rd7 23. b4 Rb6 24. Qb3+ Be6 25. Qa3 Bc4 26. Nc5 Re7 27. Bxd4 Re2 1/2-1/2

[Event "EU-ch 1st 5'"]
[Site "Neum"]
[Date "2000.10.05"]
[Round "12"]
[White "Tukmakov, Vladimir B"]
[Black "Tkachiev, Vladislav"]
[Result "0-1"]
[WhiteElo "2582"]
[BlackElo "2657"]
[PlyCount "86"]
[EventDate "2000.10.04"]
[Source "www.chesslib.no"]
[SourceDate "2004.05.04"]

1. Nf3 d6 2. d4 g6 3. c4 Bg7 4. g3 Nf6 5. Bg2 O-O 6. O-O Nc6 7. Nc3 a6 8. b3 Rb8 9. Nd5 Re8 10. Bg5 Ne4 11. Be3 e6 12. Nf4 e5 13. dxe5 Nc3 14. Qd2 dxe5 15. Nd5 Nxd5 16. cxd5 Ne7 17. Rad1 Nf5 18. Ba7 Ra8 19. Bc5 e4 20. Ne1 b6 21. Ba3 Bb7 22. Nc2 Qd7 23. f3 e3 24. Qd3 a5 25. Ne1 Ba6 26. Qc2 Nd4 27. Rxd4 Bxd4 28. f4 Bb7 29. Nf3 Bg7 30. Rd1 Rad8 31. Bb2 Bxb2 32. Qxb2 Bxd5 33. Ne5 Qe6 34. Bxd5 Rxd5 35. Rxd5 Qxd5 36. Ng4 Re6 37. Nf6+ Rxf6 38. Qxf6 Qd1+ 39. Kg2 Qxe2+ 40. Kh3 Qh5+ 41. Kg2 Qd5+ 42. Kg1 Qd1+ 43. Kg2 e2 0-1

[Event "Europa ch 2008"]
[Site "Plovdiv BUL"]
[Date "2008.05.02"]
[Round "11.18"]
[White "Kempinski, Robert"]
[Black "Socko, Bartosz"]
[Result "1/2-1/2"]
[WhiteElo "2595"]
[BlackElo "2644"]
[PlyCount "64"]
[EventDate "2008.04.21"]
[Source "www.chesslib.no"]
[SourceDate "2004.05.04"]

1. d4 Nf6 2. c4 g6 3. Nf3 Bg7 4. g3 O-O 5. Bg2 d6 6. O-O a6 7. Nc3 Nc6 8. h3 Bd7 9. e4 e5 10. dxe5 dxe5 11. Re1 Be6 12. Nd5 Nd7 13. Bg5 f6 14. Be3 Na5 15. Rc1 c5 16. a3 Rc8 17. Bf1 Nc6 18. b4 Rf7 19. Nd2 Bf8 20. b5 Nd4 21. bxa6 bxa6 22. Rb1 Qa5 23. Bg2 Rb8 24. Rxb8 Nxb8 25. Qb1 Nbc6 26. Qd3 Kg7 27. Rb1 Bd6 28. g4 Rf8 29. Rb7+ Rf7 30. Rb1 Rf8 31. Rb7+ Rf7 32. Rb1 Rf8 1/2-1/2

[Event "Polska 88/462"]
[Site "?"]
[Date "2003.??.??"]
[Round "?"]
[White "Macieja, B."]
[Black "Acs, P."]
[Result "1/2-1/2"]
[WhiteElo "2634"]
[BlackElo "2600"]
[PlyCount "80"]
[EventDate "2003.??.??"]
[Source "Chess Informant"]
[SourceDate "2003.06.01"]

1. c4 Nf6 2. Nc3 g6 3. g3 Bg7 4. Bg2 O-O 5. d4 d6 6. Nf3 a6 7. O-O Nc6 8. e4 Bg4 9. h3 Bxf3 10. Bxf3 e5 11. d5 Nd4 12. Bg2 c5 13. dxc6 bxc6 14. b4 Nd7 15. Be3 c5 16. a3 cxb4 17. axb4 a5 18. bxa5 Rxa5 19. Nb5 Rxa1 20. Qxa1 Nc5 21. Qa7 Qf6 22. Rd1 Ncb3 23. Qc7 Qd8 24. Qb7 Qa8 25. Qxa8 Rxa8 26. Bxd4 Nxd4 27. Nxd4 exd4 28. e5 Ra6 29. exd6 Rxd6 30. c5 Rd8 31. c6 Be5 32. Kf1 d3 33. f4 Bc7 34. Ra1 d2 35. Ke2 d1=Q+ 36. Rxd1 Rxd1 37. Kxd1 f6 38. Ke2 g5 39. Kf3 gxf4 40. gxf4 f5 1/2-1/2

[Event "TCh-FRA Nat1 GpA"]
[Site "Nancy"]
[Date "2004.01.30"]
[Round "1"]
[White "Aronian, Levon"]
[Black "Nijboer, Friso"]
[Result "1/2-1/2"]
[WhiteElo "2648"]
[BlackElo "2586"]
[PlyCount "84"]
[EventDate "2004.01.30"]
[Source "Roberto Alvarez"]
[SourceDate "2004.02.16"]

1. d4 Nf6 2. Nf3 g6 3. c4 Bg7 4. g3 O-O 5. Bg2 d6 6. O-O Nc6 7. Nc3 Rb8 8. h3 a6 9. Bg5 h6 10. Be3 e6 11. Qc1 Kh7 12. Rd1 Ne7 13. a4 Nd7 14. Bd2 e5 15. dxe5 dxe5 16. Rb1 Qe8 17. e4 Nc5 18. Be3 Ne6 19. b4 f5 20. b5 f4 21. Bd2 axb5 22. cxb5 c6 23. Ne2 fxg3 24. fxg3 Bd7 25. Bc3 Rxf3 26. Bxf3 Ng5 27. Bg2 Bxh3 28. Bxh3 Nxh3+ 29. Kg2 Qc8 30. Ng1 Nxg1 31. Kxg1 Ra8 32. a5 cxb5 33. Qe3 Nc6 34. Rxb5 Nd4 35. Bxd4 exd4 36. Qb3 Qg4 37. Rxb7 Rf8 38. Rxd4 Rf3 39. Rxg7+ Kxg7 40. Rd7+ Qxd7 41. Qxf3 Qa7+ 42. Qf2 Qxa5 1/2-1/2

[Event "Srbija i Crna Gora 88/464"]
[Site "?"]
[Date "2003.??.??"]
[Round "?"]
[White "Georgiev, Ki"]
[Black "Nevednichy, V."]
[Result "1-0"]
[WhiteElo "2637"]
[BlackElo "2593"]
[PlyCount "103"]
[EventDate "2003.??.??"]
[Source "Chess Informant"]
[SourceDate "2003.06.01"]

1. d4 Nf6 2. c4 g6 3. Nf3 Bg7 4. g3 O-O 5. Bg2 d6 6. O-O Nc6 7. Nc3 a6 8. b3 Rb8 9. e3 Bd7 10. Bb2 b5 11. Qe2 Na5 12. Nd2 Bg4 13. Qd3 Bf5 14. Qe2 Bg4 15. f3 Bd7 16. Rfd1 e6 17. Rac1 h5 18. Ba1 bxc4 19. bxc4 Qe7 20. e4 h4 21. Qe3 hxg3 22. hxg3 Nc6 23. Ne2 Rfd8 24. Nb3 Qf8 25. e5 Nh7 26. f4 Ne7 27. g4 g5 28. fxg5 Ng6 29. Rf1 Qe7 30. Rf6 Qe8 31. Rcf1 dxe5 32. Rxf7 Qxf7 33. Rxf7 Kxf7 34. Be4 Nhf8 35. Nc5 Be8 36. Bc3 Kg8 37. Bc2 exd4 38. Nxd4 Rb6 39. Ndxe6 Bxc3 40. Nxd8 Be5 41. Nd3 Rd6 42. Nxe5 Rxd8 43. Nxg6 Nxg6 44. Qe6+ Bf7 45. Qxa6 Rd6 46. Qc8+ Nf8 47. Qxc7 Rd4 48. Bb3 Rxg4+ 49. Kf2 Ne6 50. Qc8+ Kg7 51. c5 Re4 52. g6 1-0

[Event "BL 0607 SC Kreuzberg - Solinger SG"]
[Site "Germania"]
[Date "2007.03.18"]
[Round "13.1"]
[White "Jussupow, Artur"]
[Black "Socko, Bartosz"]
[Result "1/2-1/2"]
[WhiteElo "2600"]
[BlackElo "2630"]
[PlyCount "59"]
[EventDate "2006.10.28"]
[Source "www.chesslib.no"]
[SourceDate "2004.05.04"]

1. d4 Nf6 2. Nf3 g6 3. c4 Bg7 4. g3 O-O 5. Bg2 d6 6. O-O Nc6 7. Nc3 a6 8. h3 Bd7 9. e4 e5 10. dxe5 dxe5 11. Be3 Be6 12. Qa4 b5 13. cxb5 axb5 14. Qc2 Nd4 15. Bxd4 exd4 16. Rfd1 c5 17. Nxb5 Qd7 18. a4 Bxh3 19. e5 Bxg2 20. Kxg2 Nd5 21. Qxc5 Nf4+ 22. gxf4 Qg4+ 23. Kf1 Qxf3 24. Qxd4 Rad8 25. Nd6 Rxd6 26. Qxd6 Qh1+ 27. Ke2 Qe4+ 28. Kf1 Qh1+ 29. Ke2 Qe4+ 30. Kf1 1/2-1/2

[Event "RUS"]
[Site "?"]
[Date "2006.04.23"]
[Round "4"]
[White "Tregubov Pavel V"]
[Black "Bologan Viktor"]
[Result "1/2-1/2"]
[WhiteElo "2563"]
[BlackElo "2666"]
[PlyCount "131"]
[EventDate "2006.??.??"]
[Source "www.chesslib.no"]
[SourceDate "2004.05.04"]

1. d4 d6 2. Nf3 Nf6 3. c4 g6 4. g3 Bg7 5. Bg2 O-O 6. O-O Nc6 7. Nc3 a6 8. Qd3 Bd7 9. d5 Nb4 10. Qd1 a5 11. e4 Bg4 12. Be3 Nd7 13. Qd2 Bxf3 14. Bxf3 c6 15. Be2 Na6 16. Rab1 Nac5 17. Bd4 Bxd4 18. Qxd4 Qb6 19. Rfd1 e5 20. Qe3 Nf6 21. dxc6 Qxc6 22. f3 Ne6 23. Nb5 Rfd8 24. Rd2 Rd7 25. Rbd1 Rad8 26. Bf1 Ne8 27. Kf2 N8c7 28. a4 Qc5 29. Qxc5 Nxc5 30. Bh3 Re7 31. Rxd6 Rxd6 32. Nxd6 N7a6 33. Nc8 Re8 34. Nb6 Kg7 35. Ke2 Nb4 36. Rd6 h5 37. Kd2 h4 38. gxh4 Rh8 39. Bg4 Rxh4 40. h3 Rh8 41. Ke2 Kh6 42. Nd7 Nxd7 43. Rxd7 Rf8 44. h4 f5 45. exf5 gxf5 46. Bh3 b6 47. Re7 Kh5 48. Rxe5 Nc6 49. Rd5 Kxh4 50. Kf2 Ne7 51. Rd6 Rc8 52. Bf1 Rc6 53. Rd4+ Kg5 54. f4+ Kf6 55. Bg2 Re6 56. b3 Ng6 57. Bh3 Ne7 58. Bg2 Ng6 59. Bf1 Ke7 60. Bd3 Rd6 61. Rxd6 Kxd6 62. Ke3 Ne7 63. Kd4 Ng6 64. Bxf5 Nxf4 65. Bg4 Ng6 66. Bf5 1/2-1/2

[Event "FRA-chT"]
[Site "France"]
[Date "2002.04.01"]
[Round "7.3"]
[White "Arkell, Keith C"]
[Black "Tkachiev, Vladislav"]
[Result "0-1"]
[WhiteElo "2595"]
[BlackElo "2634"]
[PlyCount "64"]
[EventDate "2002.02.01"]
[Source "ChessBase"]
[SourceDate "2002.07.08"]

1. d4 Nf6 2. Nf3 g6 3. c4 Bg7 4. g3 O-O 5. Bg2 d6 6. O-O Nc6 7. Nc3 a6 8. h3 Bd7 9. e4 e5 10. Be3 exd4 11. Nxd4 Re8 12. Re1 Qc8 13. Nxc6 bxc6 14. Kh2 Rb8 15. Qd2 c5 16. Rab1 Bc6 17. Bh6 Bxh6 18. Qxh6 Qb7 19. Qf4 Kg7 20. Nd5 Bxd5 21. cxd5 Qb4 22. a3 Qa4 23. Qf3 Rb3 24. Qd1 Qb5 25. Qc2 Rb8 26. e5 dxe5 27. Rxe5 Rxb2 28. Rxb2 Qxb2 29. Re2 Qxa3 30. Re7 Rb2 31. Qc4 Rxf2 32. d6 Nh5 0-1

[Event "Groningen (m/2) 71/580"]
[Site "?"]
[Date "1997.??.??"]
[Round "?"]
[White "Vaganian, Rafael A"]
[Black "Bologan, Viktor"]
[Result "1-0"]
[WhiteElo "2640"]
[BlackElo "2585"]
[PlyCount "211"]
[EventDate "1997.??.??"]
[Source "ChessBase"]
[SourceDate "1997.10.01"]

1. Nf3 d6 2. d4 Nf6 3. g3 g6 4. Bg2 Bg7 5. O-O O-O 6. c4 Nc6 7. Nc3 a6 8. h3 Bd7 9. e4 e5 10. dxe5 dxe5 11. Be3 Qc8 12. Kh2 Be6 13. Qe2 h6 14. Rfd1 a5 15. Bc5 Re8 16. Nd5 Nd7 17. Be3 b6 18. b3 Nc5 19. Ne1 Nd4 20. Bxd4 exd4 21. Nd3 g5 22. Qh5 Qd8 23. Nxc5 bxc5 24. Ne3 dxe3 25. Rxd8 Raxd8 26. Re1 exf2 27. Re2 Rd3 28. Rxf2 Red8 29. Bf3 Rd2 30. Kg2 Rxf2+ 31. Kxf2 Rd2+ 32. Ke3 Rxa2 33. Bg4 Bxg4 34. Qxg4 Ra3 35. Qc8+ Bf8 36. e5 Rxb3+ 37. Ke4 Rb1 38. Qa8 Ra1 39. Kf5 Kg7 40. Qf3 Re1 41. Qc3 Rf1+ 42. Kg4 a4 43. Kh5 Rf5 44. e6+ Rf6 45. exf7 Bd6 46. Qa1 Kxf7 47. Qxa4 Rf3 48. Qd7+ Kf6 49. Qd8+ Ke5 50. Kg4 Re3 51. h4 Kd4 52. h5 Rxg3+ 53. Kf5 Rf3+ 54. Kg6 g4 55. Qh8+ Be5 56. Qd8+ Kxc4 57. Kxh6 g3 58. Qd1 Rf8 59. Qe2+ Kd5 60. Qg2+ Kd6 61. Kg5 Rf2 62. Qg1 Rh2 63. Qd1+ Bd4 64. Qf3 g2 65. Qf8+ Kd5 66. Qf3+ Kc4 67. Qe2+ Kc3 68. Qe1+ Kd3 69. Qb1+ Kd2 70. Qa2+ Ke3 71. Qb3+ Kf2 72. Qa2+ Kf3 73. Qf7+ Ke4 74. Qf5+ Ke3 75. Qe6+ Kd3 76. Qb3+ Bc3 77. Qd5+ Kc2 78. Qa2+ Kc1 79. Qa3+ Kd2 80. Qxc5 Kc2 81. Qf5+ Kc1 82. Qc5 Kc2 83. Qf5+ Kc1 84. Qc5 Kb2 85. Qf2+ Kb3 86. Qg3 Rh1 87. Qxg2 Rc1 88. h6 c5 89. h7 c4 90. Qh3 Kb2 91. Qxc3+ Kxc3 92. h8=Q+ Kc2 93. Qh7+ Kb2 94. Qb7+ Kc2 95. Qe4+ Kb2 96. Qb7+ Kc2 97. Qg2+ Kb3 98. Qd5 Kb2 99. Qb5+ Ka3 100. Kf4 c3 101. Ke3 Rd1 102. Qc4 Kb2 103. Qb4+ Kc2 104. Qa4+ Kc1 105. Qb3 c2 106. Qa2 1-0

[Event "Moscow Aeroflot op"]
[Site "Moscow"]
[Date "2002.02.09"]
[Round "8"]
[White "Tkachiev, Vladislav"]
[Black "Fedorov, Alexei"]
[Result "1/2-1/2"]
[WhiteElo "2634"]
[BlackElo "2589"]
[PlyCount "62"]
[EventDate "2002.02.04"]
[Source "ChessBase"]
[SourceDate "2002.03.21"]

1. d4 Nf6 2. c4 g6 3. g3 Bg7 4. Bg2 O-O 5. Nf3 d6 6. Nc3 Nc6 7. O-O a6 8. b3 Rb8 9. e3 Re8 10. Bb2 b5 11. cxb5 axb5 12. Rc1 b4 13. Ne2 Na5 14. Nf4 Ba6 15. Re1 Nd7 16. Qd2 c5 17. dxc5 Bxb2 18. Qxb2 Nxc5 19. Red1 Qb6 20. Nd5 Qa7 21. e4 Nc6 22. e5 Nxe5 23. Nxe5 dxe5 24. Qxe5 Nd3 25. Rxd3 Bxd3 26. Rc7 Qxa2 27. h4 Qe2 28. Nxe7+ Rxe7 29. Qxe7 Qxe7 30. Rxe7 Rd8 31. Bf1 Bxf1 1/2-1/2

[Event "RUS-chT 9th"]
[Site "Ekaterinburg"]
[Date "2002.05.18"]
[Round "2"]
[White "Pigusov, Evgeny"]
[Black "Fedorov, Alexei"]
[Result "1/2-1/2"]
[WhiteElo "2623"]
[BlackElo "2598"]
[PlyCount "57"]
[EventDate "2002.05.17"]
[Source "ChessBase"]
[SourceDate "2002.09.20"]

1. Nf3 Nf6 2. c4 g6 3. g3 Bg7 4. Bg2 O-O 5. d4 d6 6. Nc3 Nc6 7. O-O a6 8. h3 Bd7 9. e4 e5 10. Be3 exd4 11. Nxd4 Re8 12. Re1 Rb8 13. Nxc6 bxc6 14. Qd2 c5 15. b3 Bc6 16. Bg5 Qc8 17. Bh6 Bh8 18. Rad1 Qb7 19. Nd5 Nxd5 20. exd5 Bd7 21. Rxe8+ Rxe8 22. Re1 Rxe1+ 23. Qxe1 Be5 24. Kh2 Qb4 25. Qxb4 cxb4 26. Be4 Bd4 27. Kg2 f6 28. Bd2 a5 29. g4 1/2-1/2

[Event "ISR-chT"]
[Site "Ramat Aviv"]
[Date "2000.03.31"]
[Round "8"]
[White "Marin, Mihail"]
[Black "Smirin, Ilia"]
[Result "0-1"]
[WhiteElo "2555"]
[BlackElo "2666"]
[PlyCount "116"]
[EventDate "2000.01.14"]
[Source "ChessBase"]
[SourceDate "2000.07.27"]

1. c4 g6 2. Nf3 Bg7 3. d4 Nf6 4. g3 O-O 5. Bg2 d6 6. O-O Nc6 7. Nc3 a6 8. h3 Rb8 9. e4 b5 10. e5 Nd7 11. e6 fxe6 12. d5 Na5 13. cxb5 exd5 14. Nd4 Nf6 15. bxa6 c6 16. a7 Ra8 17. Nxc6 Nxc6 18. Nxd5 Bd7 19. Be3 Nxa7 20. Bb6 Qb8 21. Bc7 Qe8 22. Re1 Nxd5 23. Qxd5+ e6 24. Qxa8 Qxa8 25. Bxa8 Rxa8 26. Bxd6 Nc6 27. Red1 Nd4 28. a4 Bc6 29. a5 Ne2+ 30. Kf1 Bb5 31. Kg2 Bxb2 32. Rab1 Bc6+ 33. Kf1 Nc3 34. Rxb2 Nxd1 35. Rb6 Bf3 36. a6 Nc3 37. a7 Bd5 38. Rb8+ Kf7 39. Bc5 Ne4 40. Be3 Nf6 41. f4 Nd7 42. Rb2 Ke7 43. Ke2 Rc8 44. g4 Kd6 45. g5 e5 46. fxe5+ Kxe5 47. Rb4 Rc2+ 48. Kd3 Ra2 49. Rb8 Kd6 50. Rd8 Ra3+ 51. Kd2 Ke6 52. Rh8 Ne5 53. Re8+ Kf5 54. Rf8+ Nf7 55. Ke2 Ke4 56. Re8+ Ne5 57. Bc5 Ra2+ 58. Ke1 Kf5 0-1

[Event "Rubinstein mem"]
[Site "Polanica Zdroj"]
[Date "1995.??.??"]
[Round "6"]
[White "Krasenkow, Michal"]
[Black "Smirin, Ilia"]
[Result "1/2-1/2"]
[WhiteElo "2590"]
[BlackElo "2630"]
[PlyCount "89"]
[EventDate "1995.08.??"]
[Source "ChessBase"]

1. c4 Nf6 2. d4 g6 3. Nc3 Bg7 4. Nf3 O-O 5. g3 d6 6. Bg2 Nc6 7. O-O a6 8. e4 Bg4 9. Be3 Nd7 10. Ne2 e5 11. d5 Ne7 12. Ne1 Nb6 13. Rc1 c5 14. Nd3 f5 15. h3 Bxe2 16. Qxe2 fxe4 17. Bxe4 Nd7 18. g4 b5 19. b3 bxc4 20. bxc4 Rb8 21. f4 Qa5 22. fxe5 Nxe5 23. Bf4 Qa3 24. Bxe5 Bxe5 25. Nxe5 Qg3+ 26. Bg2 dxe5 27. d6 Nc8 28. Rxf8+ Kxf8 29. Rd1 e4 30. Qxe4 Nxd6 31. Qe6 Ne8 32. Kh1 Rb2 33. Rf1+ Kg7 34. Rg1 Nd6 35. Qe7+ Kh6 36. Qf8+ Kg5 37. Qe7+ Kh6 38. g5+ Kh5 39. Qxh7+ Kxg5 40. Qe7+ Kh6 41. Qf8+ Kh7 42. Qe7+ Kh6 43. Qf6 Rb8 44. Bf1 Ne4 45. Rxg3 1/2-1/2

[Event "4. IECC"]
[Site "?"]
[Date "2003.06.13"]
[Round "13"]
[White "Filippov Valerij"]
[Black "McShane Luke J"]
[Result "1/2-1/2"]
[WhiteElo "2627"]
[BlackElo "2592"]
[PlyCount "23"]
[EventDate "2003.??.??"]
[Source "www.chesslib.no"]
[SourceDate "2004.05.04"]

1. d4 Nf6 2. c4 g6 3. Nc3 Bg7 4. Nf3 O-O 5. g3 d6 6. Bg2 Nc6 7. O-O a6 8. b3 Rb8 9. Bb2 b5 10. cxb5 axb5 11. Rc1 b4 12. Na4 1/2-1/2

[Event "Aars get2net Cup GM"]
[Site "Aars"]
[Date "1999.10.16"]
[Round "1"]
[White "Nielsen, Peter Heine"]
[Black "Fedorov, Alexei"]
[Result "1/2-1/2"]
[WhiteElo "2560"]
[BlackElo "2659"]
[PlyCount "46"]
[EventDate "1999.10.18"]
[Source "ChessBase"]
[SourceDate "2000.02.01"]

1. d4 Nf6 2. c4 g6 3. g3 Bg7 4. Bg2 O-O 5. Nc3 d6 6. Nf3 Nc6 7. O-O a6 8. b3 Rb8 9. Nd5 e6 10. Nxf6+ Qxf6 11. Bg5 Qf5 12. Qd2 Nxd4 13. Nxd4 Bxd4 14. Qxd4 Qxg5 15. Qa7 Bd7 16. Bxb7 a5 17. Bf3 Qc5 18. Qxc5 dxc5 19. Rfd1 Rfd8 20. Kf1 Rb6 21. Rd2 Rd6 22. Rad1 Be8 23. Ke1 Kf8 1/2-1/2